[Event "Ch France 2018 - Accession"]
[Site "?"]
[Date "2018.08.18"]
[Round "1.1"]
[White "Lagarde, Maxime"]
[Black "O'Sullivan, Thomas"]
[Result "0-1"]
[BlackElo "2293"]
[WhiteElo "2607"]
[LiveChessVersion "1.4.4"]

1. e4 {[%clk 1:30:59]} c5 {[%clk 1:30:48]} 2. Nc3 {[%clk 1:31:02]} a6
{[%clk 1:30:58]} 3. g3 {[%clk 1:29:30]} b5 {[%clk 1:31:20]} 4. Bg2
{[%clk 1:29:56]} Bb7 {[%clk 1:31:43]} 5. a4 {[%clk 1:30:23]} b4 {[%clk 1:30:59]}
6. Nd5 {[%clk 1:30:48]} e6 {[%clk 1:29:49]} 7. Ne3 {[%clk 1:30:23]} Nf6
{[%clk 1:24:10]} 8. d3 {[%clk 1:30:13]} d5 {[%clk 1:20:49]} 9. exd5
{[%clk 1:30:19]} Nxd5 {[%clk 1:19:17]} 10. Nc4 {[%clk 1:30:32]} Nd7
{[%clk 1:13:29]} 11. Nf3 {[%clk 1:30:20]} Be7 {[%clk 1:13:04]} 12. a5
{[%clk 1:30:13]} Qc7 {[%clk 1:10:59]} 13. O-O {[%clk 1:29:48]} O-O
{[%clk 1:09:19]} 14. Re1 {[%clk 1:29:43]} Rad8 {[%clk 1:00:51]} 15. Bd2
{[%clk 1:29:08]} Rfe8 {[%clk 0:56:43]} 16. c3 {[%clk 1:23:39]} Bf6
{[%clk 0:51:53]} 17. Qc1 {[%clk 1:17:49]} e5 {[%clk 0:45:27]} 18. h4
{[%clk 1:07:52]} Qb8 {[%clk 0:33:44]} 19. Nh2 {[%clk 0:54:04]} Be7
{[%clk 0:29:46]} 20. Bh3 {[%clk 0:48:41]} N5f6 {[%clk 0:28:11]} 21. Nf1
{[%clk 0:37:34]} Bf8 {[%clk 0:18:59]} 22. Nfe3 {[%clk 0:31:52]} Qc7
{[%clk 0:18:34]} 23. cxb4 {[%clk 0:23:05]} cxb4 {[%clk 0:17:10]} 24. Nb6
{[%clk 0:23:19]} Qxc1 {[%clk 0:12:02]} 25. Rexc1 {[%clk 0:22:27]} Nc5
{[%clk 0:11:57]} 26. Bxb4 {[%clk 0:21:18]} Nb3 {[%clk 0:09:42]} 27. Bxf8
{[%clk 0:21:33]} Kxf8 {[%clk 0:08:08]} 28. Rc7 {[%clk 0:20:45]} Nxa1
{[%clk 0:08:36]} 29. Rxb7 {[%clk 0:21:09]} Re7 {[%clk 0:08:56]} 30. Rxe7
{[%clk 0:19:31]} Kxe7 {[%clk 0:09:24]} 31. b4 {[%clk 0:18:51]} Nb3
{[%clk 0:02:31]} 32. Bc8 {[%clk 0:15:59]} Rxc8 {[%clk 0:01:34]} 33. Nxc8+
{[%clk 0:16:25]} Kd7 {[%clk 0:02:03]} 34. Nb6+ {[%clk 0:12:16]} Kc6
{[%clk 0:02:32]} 35. Nec4 {[%clk 0:08:13]} Kb5 {[%clk 0:03:02]} 36. Nxe5
{[%clk 0:07:58]} Kxb4 {[%clk 0:03:24]} 37. Nxf7 {[%clk 0:07:00]} Kxa5
{[%clk 0:03:46]} 38. Nc4+ {[%clk 0:06:17]} Kb4 {[%clk 0:03:55]} 39. Nfe5
{[%clk 0:06:29]} a5 {[%clk 0:03:35]} 40. g4 {[%clk 0:05:53]} a4 41. g5
{[%clk 0:02:51]} Nd5 {[%clk 0:25:27]} 42. g6 {[%clk 0:25:50]} hxg6
{[%clk 0:14:04]} 43. Kg2 {[%clk 0:25:51]} Na5 {[%clk 0:10:43]} 44. Kf3
{[%clk 0:18:02]} Nxc4 {[%clk 0:09:11]} 45. Nxc4 {[%clk 0:17:37]} Nb6
{[%clk 0:06:28]} 46. Nxb6 {[%clk 0:17:51]} a3 {[%clk 0:06:52]} 47. Nd5+
{[%clk 0:18:07]} Kb3 {[%clk 0:07:11]} 48. Nf4 {[%clk 0:18:06]} a2
{[%clk 0:07:32]} 49. Nxg6 {[%clk 0:18:24]} a1=Q {[%clk 0:07:55]} 50. Nf4
{[%clk 0:18:39]} Qe5 {[%clk 0:07:15]} 0-1

[Event "Ch France 2018 - Accession"]
[Site "?"]
[Date "2018.08.18"]
[Round "1.2"]
[White "Guadalpi, David"]
[Black "Riff, Jean-Noel"]
[Result "0-1"]
[BlackElo "2510"]
[WhiteElo "2289"]
[LiveChessVersion "1.4.4"]

1. e4 {[%clk 1:30:43]} c5 {[%clk 1:30:48]} 2. Nf3 {[%clk 1:30:49]} d6
{[%clk 1:31:13]} 3. Bb5+ {[%clk 1:30:48]} Nd7 {[%clk 1:30:38]} 4. O-O
{[%clk 1:30:20]} a6 {[%clk 1:29:59]} 5. Bd3 {[%clk 1:30:30]} Ngf6
{[%clk 1:30:09]} 6. c3 {[%clk 1:30:27]} b5 {[%clk 1:30:19]} 7. a4
{[%clk 1:28:24]} Bb7 {[%clk 1:27:25]} 8. Re1 {[%clk 1:20:22]} c4 {[%clk 1:27:38]}
9. Bc2 {[%clk 1:20:32]} e6 {[%clk 1:28:03]} 10. axb5 {[%clk 1:16:34]} axb5
{[%clk 1:28:26]} 11. Rxa8 {[%clk 1:16:59]} Qxa8 {[%clk 1:28:49]} 12. Na3
{[%clk 1:17:00]} Be7 {[%clk 1:29:15]} 13. d3 {[%clk 0:59:08]} cxd3
{[%clk 1:21:30]} 14. Qxd3 {[%clk 0:57:46]} O-O {[%clk 1:21:34]} 15. Qxb5
{[%clk 0:39:47]} Nc5 {[%clk 1:18:52]} 16. Qe2 {[%clk 0:33:47]} Ncxe4
{[%clk 1:14:57]} 17. Nd4 {[%clk 0:33:32]} Nc5 {[%clk 0:57:16]} 18. f3
{[%clk 0:30:19]} Ba6 {[%clk 0:55:00]} 19. Qd1 {[%clk 0:30:30]} Nd5
{[%clk 0:49:48]} 20. Nb3 {[%clk 0:22:44]} Qa7 {[%clk 0:46:49]} 21. Qd4
{[%clk 0:20:09]} Bf6 {[%clk 0:47:15]} 22. Qf2 {[%clk 0:20:31]} Rb8
{[%clk 0:46:56]} 23. Nxc5 {[%clk 0:20:05]} dxc5 {[%clk 0:45:37]} 24. Qg3
{[%clk 0:14:25]} g6 {[%clk 0:44:40]} 25. Be4 {[%clk 0:11:44]} Rd8
{[%clk 0:44:13]} 26. Nc2 {[%clk 0:11:24]} Qe7 {[%clk 0:44:18]} 27. Qf2
{[%clk 0:11:16]} Qc7 {[%clk 0:44:09]} 28. g3 {[%clk 0:05:44]} Bg7
{[%clk 0:43:43]} 29. Ne3 {[%clk 0:05:19]} Nb6 {[%clk 0:41:01]} 30. Bc2
{[%clk 0:04:21]} Bb7 {[%clk 0:40:34]} 31. Be4 {[%clk 0:04:14]} c4
{[%clk 0:39:18]} 32. Ng4 {[%clk 0:03:43]} h5 {[%clk 0:37:43]} 33. Bf4
{[%clk 0:03:43]} Qc8 {[%clk 0:36:55]} 34. Nh6+ {[%clk 0:02:29]} Bxh6
{[%clk 0:36:51]} 35. Bxh6 {[%clk 0:02:46]} Na4 {[%clk 0:32:51]} 36. Be3
{[%clk 0:01:04]} f5 {[%clk 0:32:31]} 37. Bxb7 {[%clk 0:01:16]} Qxb7
{[%clk 0:33:00]} 38. Re2 {[%clk 0:00:39]} Rd1+ {[%clk 0:33:10]} 39. Kg2
{[%clk 0:01:05]} Rb1 {[%clk 0:33:35]} 40. Bg5 {[%clk 0:00:33]} Rxb2
{[%clk 0:33:52]} 41. Rd2 {[%clk 0:19:21]} Rxd2 {[%clk 1:03:15]} 42. Bxd2
{[%clk 0:19:39]} Qd5 {[%clk 0:49:19]} 43. Bh6 {[%clk 0:13:21]} Nc5
{[%clk 0:44:16]} 44. Qb2 {[%clk 0:13:16]} Kh7 {[%clk 0:44:10]} 45. Qb8
{[%clk 0:13:23]} Qb7 {[%clk 0:43:17]} 46. Qf8 {[%clk 0:10:28]} Nd3
{[%clk 0:41:09]} 47. Bd2 {[%clk 0:07:18]} Ne5 {[%clk 0:40:53]} 48. Bf4
{[%clk 0:04:47]} Qxf3+ {[%clk 0:40:40]} 49. Kg1 {[%clk 0:03:50]} Qd1+
{[%clk 0:41:07]} 50. Kg2 {[%clk 0:04:11]} Qe2+ {[%clk 0:41:35]} 51. Kh3
{[%clk 0:04:35]} Qf1+ {[%clk 0:42:01]} 0-1

[Event "Ch France 2018 - Accession"]
[Site "?"]
[Date "2018.08.18"]
[Round "1.3"]
[White "Bailet, Pierre"]
[Black "Valuet, Bertrand"]
[Result "1-0"]
[BlackElo "2285"]
[WhiteElo "2496"]
[LiveChessVersion "1.4.4"]

1. e4 {[%clk 1:30:41]} c5 {[%clk 1:29:24]} 2. Nf3 {[%clk 1:30:39]} Nc6
{[%clk 1:29:36]} 3. Bb5 {[%clk 1:29:49]} e6 {[%clk 1:29:55]} 4. O-O
{[%clk 1:29:27]} Nge7 {[%clk 1:30:13]} 5. Nc3 {[%clk 1:28:14]} a6
{[%clk 1:27:44]} 6. Bxc6 {[%clk 1:28:27]} Nxc6 {[%clk 1:28:03]} 7. d4
{[%clk 1:28:35]} cxd4 {[%clk 1:27:59]} 8. Nxd4 {[%clk 1:28:51]} Qc7
{[%clk 1:22:42]} 9. Re1 {[%clk 1:27:24]} b5 {[%clk 1:18:30]} 10. Nd5
{[%clk 1:15:51]} Qb8 {[%clk 1:11:20]} 11. Nf5 {[%clk 1:00:29]} d6
{[%clk 1:10:50]} 12. Qg4 {[%clk 0:46:23]} exd5 {[%clk 1:07:13]} 13. exd5+
{[%clk 0:44:34]} Ne7 {[%clk 1:06:02]} 14. Nxg7+ {[%clk 0:34:21]} Kd8
{[%clk 1:06:09]} 15. Qh4 {[%clk 0:30:21]} Qb7 {[%clk 0:45:07]} 16. Bg5
{[%clk 0:24:33]} Rg8 {[%clk 0:06:59]} 17. Qxh7 {[%clk 0:12:36]} Rxg7
{[%clk 0:04:53]} 18. Qh8 {[%clk 0:13:00]} Ke8 {[%clk 0:03:06]} 19. Rxe7+
{[%clk 0:12:51]} Qxe7 {[%clk 0:03:14]} 20. Bxe7 {[%clk 0:13:39]} Kxe7
{[%clk 0:02:18]} 21. Re1+ {[%clk 0:13:56]} Kf6 {[%clk 0:02:33]} 22. Qxf8
{[%clk 0:12:21]} Rxg2+ {[%clk 0:02:59]} 23. Kh1 {[%clk 0:11:27]} Rg6
{[%clk 0:01:54]} 24. Qxd6+ {[%clk 0:09:08]} Kg7 {[%clk 0:02:08]} 25. Qe5+
{[%clk 0:09:02]} f6 {[%clk 0:01:50]} 26. Qc7+ {[%clk 0:07:43]} Kh6
{[%clk 0:02:10]} 27. Qf4+ {[%clk 0:07:28]} Kh5 {[%clk 0:01:42]} 28. Re7
{[%clk 0:07:02]} Rh6 {[%clk 0:01:17]} 29. Rg7 {[%clk 0:06:40]} 1-0

[Event "Ch France 2018 - Accession"]
[Site "?"]
[Date "2018.08.18"]
[Round "1.4"]
[White "Pucher, Sebastien"]
[Black "Barseghyan, Harutyun"]
[Result "0-1"]
[BlackElo "2474"]
[WhiteElo "2283"]
[LiveChessVersion "1.4.4"]

1. Nf3 {[%clk 1:30:50]} d5 {[%clk 1:29:35]} 2. b3 {[%clk 1:29:43]} Bg4
{[%clk 1:25:48]} 3. Ne5 {[%clk 1:25:20]} Bf5 {[%clk 1:25:03]} 4. e3
{[%clk 1:24:48]} Nd7 {[%clk 1:22:42]} 5. Bb2 {[%clk 1:21:30]} Nxe5
{[%clk 1:15:49]} 6. Bxe5 {[%clk 1:21:30]} c6 {[%clk 1:16:05]} 7. Be2
{[%clk 1:05:09]} e6 {[%clk 1:14:57]} 8. O-O {[%clk 1:00:27]} Nf6 {[%clk 1:15:13]}
9. c4 {[%clk 0:56:27]} Bd6 {[%clk 1:09:09]} 10. Bxd6 {[%clk 0:47:56]} Qxd6
{[%clk 1:09:37]} 11. d4 {[%clk 0:47:28]} O-O {[%clk 1:07:22]} 12. c5
{[%clk 0:40:18]} Qe7 {[%clk 1:06:40]} 13. Nc3 {[%clk 0:39:02]} e5
{[%clk 1:06:18]} 14. b4 {[%clk 0:38:34]} a6 {[%clk 1:02:24]} 15. a4
{[%clk 0:23:19]} Rfe8 {[%clk 1:01:35]} 16. Qd2 {[%clk 0:12:23]} Nd7
{[%clk 0:59:26]} 17. Rfd1 {[%clk 0:07:37]} Nf8 {[%clk 0:58:14]} 18. Bd3
{[%clk 0:00:58]} Bxd3 {[%clk 0:57:40]} 19. Qxd3 {[%clk 0:01:27]} exd4
{[%clk 0:57:42]} 20. exd4 {[%clk 0:00:39]} Ne6 {[%clk 0:58:11]} 21. g3
{[%clk 0:00:39]} Qf6 {[%clk 0:58:30]} 22. Ra2 {[%clk 0:00:40]} g6
{[%clk 0:57:56]} 23. Re2 {[%clk 0:00:54]} Re7 {[%clk 0:57:55]} 24. f4
{[%clk 0:00:35]} Rae8 {[%clk 0:57:39]} 25. Re5 {[%clk 0:00:51]} g5
{[%clk 0:53:40]} 26. Qf5 {[%clk 0:00:52]} Qxf5 {[%clk 0:53:50]} 27. Rxf5
{[%clk 0:01:20]} gxf4 {[%clk 0:54:13]} 28. gxf4 {[%clk 0:01:18]} Kg7
{[%clk 0:47:14]} 29. Kf2 {[%clk 0:00:32]} Kg6 {[%clk 0:47:35]} 30. Re5
{[%clk 0:00:58]} Nxf4 {[%clk 0:47:55]} 31. Rxe7 {[%clk 0:01:04]} Rxe7
{[%clk 0:48:24]} 32. b5 {[%clk 0:01:09]} axb5 {[%clk 0:47:27]} 33. axb5
{[%clk 0:01:37]} Nh3+ {[%clk 0:47:25]} 34. Kf1 Re3 {[%clk 0:42:22]} 35. Ne2
{[%clk 0:00:53]} f5 {[%clk 0:40:27]} 36. bxc6 {[%clk 0:01:06]} bxc6
{[%clk 0:40:56]} 37. Rb1 {[%clk 0:00:38]} Kg5 {[%clk 0:35:28]} 38. Rb7
{[%clk 0:00:38]} h5 {[%clk 0:33:19]} 39. Rg7+ {[%clk 0:00:59]} Kf6
{[%clk 0:32:37]} 40. Rh7 {[%clk 0:01:17]} Kg6 {[%clk 0:32:46]} 41. Rc7
{[%clk 0:26:37]} Re6 {[%clk 1:03:05]} 42. Nc1 {[%clk 0:26:42]} f4
{[%clk 0:59:58]} 43. Nd3 {[%clk 0:23:39]} Kf5 {[%clk 1:00:22]} 44. Ne5
{[%clk 0:22:03]} Ke4 {[%clk 0:59:36]} 45. Nxc6 {[%clk 0:11:01]} Kd3
{[%clk 0:57:35]} 46. Nb4+ {[%clk 0:07:29]} Kc4 {[%clk 0:53:30]} 47. Nxd5
{[%clk 0:01:30]} Kxd5 {[%clk 0:53:22]} 48. Rh7 {[%clk 0:01:54]} Kxd4
{[%clk 0:45:50]} 49. Rxh5 {[%clk 0:02:11]} Re3 {[%clk 0:46:12]} 50. c6
{[%clk 0:00:33]} Rc3 {[%clk 0:44:48]} 51. Kg2 {[%clk 0:00:32]} Ke4
{[%clk 0:43:59]} 52. Rxh3 {[%clk 0:00:32]} f3+ {[%clk 0:44:22]} 53. Kf2
{[%clk 0:00:40]} Rc2+ {[%clk 0:44:47]} 54. Ke1 {[%clk 0:00:37]} Ke3
{[%clk 0:44:59]} 55. Kd1 {[%clk 0:01:01]} Rxc6 {[%clk 0:45:21]} 56. Rh8
{[%clk 0:00:56]} Rd6+ {[%clk 0:45:36]} 57. Kc2 {[%clk 0:01:02]} Re6
{[%clk 0:45:42]} 58. h4 {[%clk 0:00:33]} f2 {[%clk 0:46:05]} 59. Rf8
{[%clk 0:00:58]} Ke2 {[%clk 0:46:29]} 0-1

[Event "Ch France 2018 - Accession"]
[Site "?"]
[Date "2018.08.19"]
[Round "2.1"]
[White "Riff, Jean-Noel"]
[Black "Le Corre, Benjamin"]
[Result "1-0"]
[BlackElo "2310"]
[WhiteElo "2510"]
[LiveChessVersion "1.4.4"]

1. e4 c5 {[%clk 1:30:28]} 2. Nf3 {[%clk 1:23:04]} Nc6 {[%clk 1:30:46]} 3. Bb5
{[%clk 1:23:28]} Qc7 {[%clk 1:30:59]} 4. O-O {[%clk 1:23:30]} Nf6
{[%clk 1:28:13]} 5. Re1 {[%clk 1:23:37]} e5 {[%clk 1:17:09]} 6. c3
{[%clk 1:22:54]} a6 {[%clk 1:17:29]} 7. Bf1 {[%clk 1:23:23]} Be7 {[%clk 1:16:45]}
8. d4 {[%clk 1:23:40]} d6 {[%clk 1:16:55]} 9. h3 {[%clk 1:18:16]} b6
{[%clk 1:09:08]} 10. Na3 {[%clk 1:11:55]} Bb7 {[%clk 1:07:27]} 11. Nc4
{[%clk 1:09:01]} O-O {[%clk 1:02:44]} 12. Bg5 {[%clk 1:01:32]} Rfe8
{[%clk 0:33:18]} 13. dxc5 {[%clk 0:54:35]} dxc5 {[%clk 0:31:36]} 14. a4
{[%clk 0:52:09]} b5 {[%clk 0:24:58]} 15. axb5 {[%clk 0:49:11]} axb5
{[%clk 0:25:19]} 16. Rxa8 {[%clk 0:49:37]} Bxa8 {[%clk 0:24:59]} 17. Ne3
{[%clk 0:49:39]} c4 {[%clk 0:19:30]} 18. Nf5 {[%clk 0:43:54]} Rd8
{[%clk 0:16:59]} 19. Qc2 {[%clk 0:41:55]} Ne8 {[%clk 0:15:48]} 20. Nxe7+
{[%clk 0:40:57]} Nxe7 {[%clk 0:16:13]} 21. b3 {[%clk 0:40:59]} f6
{[%clk 0:16:23]} 22. Be3 {[%clk 0:41:22]} Nd6 {[%clk 0:16:04]} 23. Nd2
{[%clk 0:41:02]} Rc8 {[%clk 0:15:18]} 24. Ra1 {[%clk 0:38:20]} h6
{[%clk 0:14:56]} 25. bxc4 {[%clk 0:38:39]} bxc4 {[%clk 0:15:19]} 26. Ra7
{[%clk 0:37:07]} Bb7 {[%clk 0:14:55]} 27. Nxc4 {[%clk 0:36:18]} Nxc4
{[%clk 0:14:56]} 28. Qb3 {[%clk 0:35:51]} Rb8 {[%clk 0:14:07]} 29. Qxc4+
{[%clk 0:34:17]} Qxc4 {[%clk 0:14:31]} 30. Bxc4+ {[%clk 0:34:44]} Kh7
{[%clk 0:12:41]} 31. f3 {[%clk 0:34:55]} Nc8 {[%clk 0:11:11]} 32. Ra5
{[%clk 0:30:05]} Nd6 {[%clk 0:11:23]} 33. Be2 {[%clk 0:30:19]} Bc6
{[%clk 0:07:24]} 34. Ra6 {[%clk 0:25:30]} Bb5 {[%clk 0:07:07]} 35. Bxb5
{[%clk 0:25:49]} Nxb5 {[%clk 0:07:33]} 36. c4 Nd4 {[%clk 0:07:37]} 37. Bxd4
{[%clk 0:24:41]} exd4 38. Rd6 {[%clk 0:25:09]} Rb1+ {[%clk 0:07:21]} 39. Kf2
{[%clk 0:25:35]} Rb2+ {[%clk 0:07:39]} 40. Kg3 {[%clk 0:22:24]} Rd2
{[%clk 0:07:20]} 41. Kf4 {[%clk 0:20:42]} Kg6 {[%clk 0:24:15]} 42. g4
{[%clk 0:49:04]} Rd3 {[%clk 0:23:06]} 43. Rd7 {[%clk 0:42:39]} Rd1
{[%clk 0:22:15]} 44. h4 {[%clk 0:42:46]} h5 {[%clk 0:20:38]} 45. gxh5+
{[%clk 0:42:52]} Kh7 {[%clk 0:20:50]} 46. Kf5 {[%clk 0:41:37]} d3
{[%clk 0:20:47]} 47. f4 {[%clk 0:42:03]} Rc1 {[%clk 0:11:30]} 48. Rxd3
{[%clk 0:42:12]} Rxc4 {[%clk 0:11:57]} 49. Rd8 {[%clk 0:42:35]} Rc1
{[%clk 0:12:23]} 50. h6 {[%clk 0:42:56]} Rc5+ {[%clk 0:12:47]} 51. e5
{[%clk 0:43:22]} fxe5 {[%clk 0:11:44]} 52. fxe5 {[%clk 0:43:49]} g6+
{[%clk 0:10:40]} 53. Kf6 {[%clk 0:44:01]} Rc1 {[%clk 0:11:05]} 54. e6
{[%clk 0:44:01]} Rf1+ {[%clk 0:11:29]} 55. Ke5 {[%clk 0:44:26]} Re1+
{[%clk 0:09:22]} 56. Kd6 {[%clk 0:44:54]} Rd1+ {[%clk 0:09:30]} 57. Kc7
{[%clk 0:45:22]} Rc1+ {[%clk 0:09:49]} 58. Kd7 {[%clk 0:45:51]} 1-0

[Event "Ch France 2018 - Accession"]
[Site "?"]
[Date "2018.08.19"]
[Round "2.2"]
[White "Viel, Simon"]
[Black "Bailet, Pierre"]
[Result "0-1"]
[BlackElo "2496"]
[WhiteElo "2318"]
[LiveChessVersion "1.4.4"]

1. e4 {[%clk 1:30:58]} g6 {[%clk 1:23:36]} 2. d4 {[%clk 1:31:20]} Bg7
{[%clk 1:24:02]} 3. Nc3 {[%clk 1:31:37]} c6 {[%clk 1:24:28]} 4. g3
{[%clk 1:29:58]} d5 {[%clk 1:24:21]} 5. e5 {[%clk 1:29:43]} Nh6 {[%clk 1:21:50]}
6. Bg2 {[%clk 1:29:43]} f6 {[%clk 1:20:23]} 7. f4 {[%clk 1:28:47]} O-O
{[%clk 1:16:41]} 8. Nf3 {[%clk 1:24:03]} Bg4 {[%clk 1:14:26]} 9. O-O
{[%clk 1:20:16]} Nd7 {[%clk 1:05:41]} 10. Be3 {[%clk 1:03:59]} Qb6
{[%clk 0:55:10]} 11. Na4 {[%clk 0:44:52]} Qa5 {[%clk 0:54:16]} 12. c3
{[%clk 0:38:48]} b5 {[%clk 0:52:02]} 13. exf6 {[%clk 0:37:58]} Bxf6
{[%clk 0:46:06]} 14. Nc5 {[%clk 0:38:20]} Nxc5 {[%clk 0:46:31]} 15. dxc5
{[%clk 0:38:43]} b4 {[%clk 0:46:05]} 16. Bd4 {[%clk 0:33:39]} bxc3
{[%clk 0:45:31]} 17. bxc3 {[%clk 0:33:47]} Nf5 {[%clk 0:43:51]} 18. Qd3
{[%clk 0:30:00]} Bxf3 {[%clk 0:41:53]} 19. Bxf3 {[%clk 0:30:06]} Rab8
{[%clk 0:40:10]} 20. Rab1 {[%clk 0:19:16]} Qa3 {[%clk 0:36:01]} 21. Bxf6
{[%clk 0:12:04]} exf6 {[%clk 0:36:18]} 22. Kh1 {[%clk 0:11:58]} Qxc5
{[%clk 0:36:10]} 23. Bg4 {[%clk 0:06:12]} Nd6 {[%clk 0:33:11]} 24. Qa6 f5
{[%clk 0:27:02]} 25. Bf3 {[%clk 0:05:02]} Rxb1 {[%clk 0:27:10]} 26. Rxb1
{[%clk 0:05:30]} Qxc3 {[%clk 0:27:18]} 27. Rb3 {[%clk 0:03:05]} Qc5
{[%clk 0:24:27]} 28. Kg2 {[%clk 0:00:55]} Nb5 {[%clk 0:20:26]} 29. Qb7
{[%clk 0:00:32]} Nd4 {[%clk 0:18:27]} 30. Re3 {[%clk 0:00:42]} Qc2+
{[%clk 0:07:40]} 31. Kh3 {[%clk 0:00:34]} Nxf3 {[%clk 0:07:27]} 32. Rxf3
{[%clk 0:00:36]} Qe2 {[%clk 0:07:02]} 33. Ra3 {[%clk 0:00:34]} Qh5+
{[%clk 0:03:18]} 0-1

[Event "Ch France 2018 - Accession"]
[Site "?"]
[Date "2018.08.20"]
[Round "3.3"]
[White "Ternault, Mathieu"]
[Black "Barseghyan, Harutyun"]
[Result "1/2-1/2"]
[BlackElo "2474"]
[WhiteElo "2340"]
[LiveChessVersion "1.4.4"]

1. d4 {[%clk 1:28:16]} Nf6 {[%clk 1:26:30]} 2. c4 {[%clk 1:28:28]} e6
{[%clk 1:25:48]} 3. Nc3 {[%clk 1:28:54]} c5 {[%clk 1:24:58]} 4. d5
{[%clk 1:29:19]} exd5 {[%clk 1:25:23]} 5. cxd5 {[%clk 1:29:46]} d6
{[%clk 1:25:08]} 6. Nf3 {[%clk 1:30:11]} g6 {[%clk 1:25:30]} 7. Bf4
{[%clk 1:29:52]} a6 {[%clk 1:25:17]} 8. a4 {[%clk 1:28:04]} Bg7 {[%clk 1:24:18]}
9. e3 {[%clk 1:27:23]} O-O {[%clk 1:24:23]} 10. Be2 {[%clk 1:26:56]} Nh5
{[%clk 1:16:13]} 11. Bg5 {[%clk 1:22:50]} f6 {[%clk 1:16:03]} 12. Bh4
{[%clk 1:21:59]} g5 {[%clk 1:16:31]} 13. Bg3 {[%clk 1:08:00]} f5 {[%clk 1:13:23]}
14. Nd2 {[%clk 1:07:41]} Nxg3 {[%clk 1:13:47]} 15. hxg3 {[%clk 1:08:05]} Nd7
{[%clk 1:13:20]} 16. Qc2 {[%clk 0:56:51]} Rb8 {[%clk 1:05:07]} 17. g4
{[%clk 0:50:22]} Ne5 {[%clk 1:05:11]} 18. Nc4 {[%clk 0:50:44]} Nxc4
{[%clk 0:57:55]} 19. Bxc4 {[%clk 0:51:04]} h6 {[%clk 0:58:15]} 20. gxf5
{[%clk 0:49:08]} Bxf5 {[%clk 0:52:59]} 1/2-1/2

[Event "Ch France 2018 - Accession"]
[Site "?"]
[Date "2018.08.20"]
[Round "3.4"]
[White "Velten, Paul"]
[Black "Mullon, Jean-Baptiste"]
[Result "1/2-1/2"]
[BlackElo "2356"]
[WhiteElo "2464"]
[LiveChessVersion "1.4.4"]

1. d4 {[%clk 1:30:53]} d5 {[%clk 1:30:11]} 2. c4 {[%clk 1:29:47]} c6
{[%clk 1:30:37]} 3. Nc3 {[%clk 1:29:00]} Nf6 {[%clk 1:31:00]} 4. e3
{[%clk 1:28:41]} e6 {[%clk 1:30:10]} 5. Nf3 {[%clk 1:27:23]} Nbd7
{[%clk 1:30:35]} 6. Bd3 {[%clk 1:18:20]} Bd6 {[%clk 1:31:00]} 7. O-O
{[%clk 1:16:55]} O-O {[%clk 1:31:26]} 8. e4 {[%clk 1:10:38]} dxe4
{[%clk 1:31:50]} 9. Nxe4 {[%clk 1:10:51]} Nxe4 {[%clk 1:32:15]} 10. Bxe4
{[%clk 1:11:16]} h6 {[%clk 1:32:39]} 11. Re1 {[%clk 1:05:31]} e5 {[%clk 1:27:11]}
12. Bc2 {[%clk 1:01:42]} Bb4 {[%clk 1:26:34]} 13. Re3 {[%clk 0:53:30]} exd4
{[%clk 1:22:04]} 14. Nxd4 {[%clk 0:50:27]} Nf6 {[%clk 1:20:19]} 15. Rd3
{[%clk 0:49:05]} Qe7 {[%clk 1:18:21]} 16. Bf4 {[%clk 0:46:34]} Bg4
{[%clk 1:13:59]} 17. Qc1 {[%clk 0:43:33]} Rfe8 {[%clk 1:07:11]} 18. h3
{[%clk 0:42:20]} Bh5 {[%clk 1:02:51]} 19. Rg3 {[%clk 0:34:31]} Bg6
{[%clk 0:57:36]} 20. Bxg6 {[%clk 0:34:22]} fxg6 {[%clk 0:58:02]} 21. Bxh6
{[%clk 0:32:26]} Qe4 {[%clk 0:51:53]} 22. Be3 {[%clk 0:31:19]} Rad8
{[%clk 0:48:52]} 23. Ne2 {[%clk 0:29:44]} Bd6 {[%clk 0:39:54]} 24. Rf3
{[%clk 0:26:28]} Qe5 {[%clk 0:39:53]} 25. Ng3 {[%clk 0:26:39]} Qa5
{[%clk 0:37:18]} 26. Qc2 {[%clk 0:26:18]} Kh7 {[%clk 0:35:15]} 27. Bd2
{[%clk 0:15:45]} Qc5 {[%clk 0:28:18]} 28. Be3 {[%clk 0:15:08]} Qa5
{[%clk 0:28:44]} 29. a3 {[%clk 0:13:56]} Bc5 {[%clk 0:25:39]} 30. Rd1
{[%clk 0:07:12]} Bxe3 {[%clk 0:25:02]} 31. Rxe3 {[%clk 0:07:17]} Rxe3
{[%clk 0:24:52]} 32. fxe3 {[%clk 0:07:11]} Rxd1+ {[%clk 0:25:19]} 33. Qxd1
{[%clk 0:07:36]} Qe5 {[%clk 0:25:43]} 34. Ne2 {[%clk 0:04:53]} Qxe3+
{[%clk 0:25:51]} 1/2-1/2

[Event "Ch France 2018 - Accession"]
[Site "?"]
[Date "2018.08.21"]
[Round "4.1"]
[White "Riff, Jean-Noel"]
[Black "Ternault, Mathieu"]
[Result "1-0"]
[BlackElo "2340"]
[WhiteElo "2510"]
[LiveChessVersion "1.4.4"]

1. e4 {[%clk 1:30:56]} e6 {[%clk 1:30:55]} 2. d4 {[%clk 1:31:21]} d5
{[%clk 1:31:21]} 3. Nd2 {[%clk 1:31:48]} Be7 {[%clk 1:31:22]} 4. Ngf3
{[%clk 1:30:04]} Nf6 {[%clk 1:31:31]} 5. e5 {[%clk 1:30:19]} Nfd7
{[%clk 1:31:57]} 6. Bd3 {[%clk 1:30:39]} c5 {[%clk 1:32:07]} 7. c3
{[%clk 1:31:02]} b6 {[%clk 1:32:14]} 8. O-O {[%clk 1:29:28]} Ba6 {[%clk 1:27:13]}
9. Ne1 {[%clk 1:29:20]} Bxd3 {[%clk 1:21:48]} 10. Nxd3 {[%clk 1:29:15]} Nc6
{[%clk 1:21:47]} 11. Qg4 {[%clk 1:29:24]} g6 {[%clk 1:15:38]} 12. Nf3
{[%clk 1:27:37]} h5 {[%clk 1:06:18]} 13. Qg3 {[%clk 1:25:05]} Qc7
{[%clk 1:00:27]} 14. Bg5 {[%clk 1:13:29]} Bxg5 {[%clk 0:49:35]} 15. Qxg5
{[%clk 1:10:36]} Qd8 {[%clk 0:49:49]} 16. Qf4 {[%clk 1:05:21]} c4
{[%clk 0:43:17]} 17. Ng5 {[%clk 1:00:52]} Qe7 {[%clk 0:42:45]} 18. Ne1
{[%clk 1:01:17]} b5 {[%clk 0:40:04]} 19. Nc2 {[%clk 1:01:12]} Nb6
{[%clk 0:36:46]} 20. Rfe1 {[%clk 1:00:24]} O-O-O {[%clk 0:31:28]} 21. h4
{[%clk 0:58:24]} Rd7 {[%clk 0:31:43]} 22. b3 {[%clk 0:57:54]} Kb7
{[%clk 0:29:23]} 23. Reb1 {[%clk 0:54:36]} Ka8 {[%clk 0:27:59]} 24. bxc4
{[%clk 0:50:15]} bxc4 {[%clk 0:28:10]} 25. a4 {[%clk 0:50:26]} Rb8
{[%clk 0:25:19]} 26. Nb4 {[%clk 0:48:38]} Nxb4 {[%clk 0:22:34]} 27. Rxb4
{[%clk 0:48:23]} Rdb7 {[%clk 0:22:18]} 28. a5 {[%clk 0:44:11]} Nc8
{[%clk 0:22:36]} 29. Rxb7 {[%clk 0:44:36]} Rxb7 {[%clk 0:22:54]} 30. a6
{[%clk 0:45:02]} Rc7 {[%clk 0:20:19]} 31. g3 {[%clk 0:42:41]} Nb6
{[%clk 0:19:38]} 32. Ra5 {[%clk 0:42:51]} Kb8 {[%clk 0:19:03]} 33. Kg2
{[%clk 0:38:12]} Kc8 {[%clk 0:18:49]} 34. Rb5 {[%clk 0:25:32]} Kd8
{[%clk 0:16:51]} 35. Rb4 {[%clk 0:25:54]} Ke8 {[%clk 0:13:54]} 36. Qc1
{[%clk 0:25:41]} Rc6 {[%clk 0:10:00]} 37. Qb2 {[%clk 0:22:39]} Qc7
{[%clk 0:06:28]} 38. Nh7 {[%clk 0:22:59]} Qe7 {[%clk 0:04:35]} 39. Nf6+
{[%clk 0:23:01]} Kd8 {[%clk 0:04:51]} 40. Qa3 {[%clk 0:21:04]} Kc7
{[%clk 0:03:32]} 41. Qa5 {[%clk 0:19:51]} Kc8 {[%clk 0:02:12]} 42. Rb5
{[%clk 0:20:16]} Qf8 {[%clk 0:19:51]} 43. Rc5 {[%clk 0:47:34]} Kc7
{[%clk 0:19:25]} 44. Qb4 {[%clk 0:46:18]} 1-0